Rozdielne názory a chýbajúci kapitál. 5

Analýza nedávno prijatého zákona o EXIM banke v SR. Postavenie, pôsobenie a hlavné úlohy EXIM banky. Dovozné operácie a poisťovacie činnosti EXIM banky. Poistenie rizík.

Saved in:
Bibliographic Details
Main Author: Múdra, H.
Format: Book Chapter
Language:Slovak
Subjects:
Tags: Add Tag
No Tags, Be the first to tag this record!

MARC

LEADER 00000naa a2200000 4500
001 r026110
005 20230824090411.0
041 0 |a slo 
044 |a SK 
245 1 0 |a Rozdielne názory a chýbajúci kapitál. 5  |c H. Múdra 
520 |a Analýza nedávno prijatého zákona o EXIM banke v SR. Postavenie, pôsobenie a hlavné úlohy EXIM banky. Dovozné operácie a poisťovacie činnosti EXIM banky. Poistenie rizík. 
610 2 0 |a Slovensko 
610 2 0 |a 1997 
610 2 0 |a obchod zahraničný 
610 2 0 |a eximbanky 
610 2 0 |a zákony 
610 2 0 |a úver bankový 
610 2 0 |a poistenie 
610 2 0 |a riziko 
100 1 |a Múdra, H.